000 01833nam a2200301 i 4500
001 000019851
003 DO-SdBNP
005 20250621074006.0
007 ta
008 100120s2000 dr 000 0 spa d
020 _a9993400475
040 _aDO-SdBNP
_bspa
_cBNPHU
_erda
082 4 _a972.93054
_bG861g
_222
100 1 _aGrimaldi, Víctor,
_d1949-
_eautor
_4aut.
_91699
245 1 0 _aGolpe y revolución :
_bel derrocamiento de Juan Bosch y la intervención norteamericana /
_cVíctor Grimaldi.
264 4 _aSanto Domingo :
_bEditora Corripio,
_c2000.
300 _a501 páginas :
_bilustraciones, retratos ;
_c23 cm.
336 _atexto
_btxt
_2rdacontent
337 _asin mediación
_bn
_2rdamedia
338 _avolumen
_bnc
_2rdacarrier
504 _aBibliografía : páginas 491- 498
505 0 _aCronología de los hechos--
_tPrólogo --
_tUn encuentro entre dos presidentes --
_tLa embajada evalúa el gobierno de Bosch --
_t El Caribe en la Guerra fría --
_tTrujillo y Haití en el destino dominicano --
_t Las conspiraciones de Kennedy --
_tGeopolíticas y golpe de estado --
_tEl final del triunvirato --
_tMás informes de inteligencia --
_tCómo Wessin se entera de la revuelta --
_tEstados Unidos contra Juan Bosch --
_tCuando Trujillo era jefe en 1961 --
_tMuchos muertos y heridos --
_tAislamientos y huidas --
_tEl 28 de abril --
_tPara evitar otro Vietnam --
_t John B. Martin, el divisionista --
_t Wessin atropellado --
_tManiobras en Washington --
_t La CIA y los comunistas --
_t La lista era de 83--
_t Informes de Berry e Imbert --
_tEl insomnio de Johnson.
590 _aInventariado, 2019/MFF
651 0 _aRepública Dominicana
_xPolítica y gobierno
_945
651 4 _aRepública Dominicana
_xHistoria
_yGolpe de Estado, 1963
_934712
910 _aValidado. Control de calidad MMOLINA
942 _2ddc
_cLBS1
999 _c19364
_d19364